Central Library OPAC University of Rajshahi

আশারা-ই-মুবাশ্‌ শারাহ্‌ / (Record no. 56966)

MARC details
000 -LEADER
fixed length control field 00813nam a2200217 a 4500
001 - CONTROL NUMBER
control field 56966
003 - CONTROL NUMBER IDENTIFIER
rucl marc code BD-RjUL
005 - DATE AND TIME OF LATEST TRANSACTION
control field 20211209080444.0
008 - FIXED-LENGTH DATA ELEMENTS--GENERAL INFORMATION
fixed length control field 161205s1968 bg ||||| |||| 00| 0 ben d
035 ## - SYSTEM CONTROL NUMBER
System control number (BD-RjUL)57090
040 ## - CATALOGING SOURCE
Original cataloging agency BD-RjUL
Language of cataloging ben
Transcribing agency BD-RjUL
041 ## - LANGUAGE CODE
Language code of text/sound track or separate title ben
082 ## - DEWEY DECIMAL CLASSIFICATION NUMBER
Edition number 23
Classification number B 297.63
Author mark and year KAA 1968
100 ## - MAIN ENTRY--PERSONAL NAME
Personal name কাদের, সাঈদ ইবনুল
9 (RLIN) 169296
245 ## - TITLE STATEMENT
Title আশারা-ই-মুবাশ্‌ শারাহ্‌ /
Statement of responsibility, etc. সাঈদ ইবনুল কাদের
260 ## - PUBLICATION, DISTRIBUTION, ETC. (IMPRINT)
Place of publication, distribution, etc. ঢাকা :
Name of publisher, distributor, etc. বাংলা একাডেমী,
Date of publication, distribution, etc. ১৯৬৮.
300 ## - PHYSICAL DESCRIPTION
Pagination ১৩২ পৃ. ;
Size ২০ সেমি.
600 ## - SUBJECT ADDED ENTRY--PERSONAL NAME
Personal name মহাম্মদ (সঃ)
Dates associated with a name ৬৩২
General subdivision সঙ্গী
Personal name Muhammad Prophet
Dates associated with a name 632
General subdivision Companions
942 ## - ADDED ENTRY ELEMENTS (KOHA)
Source of classification or shelving scheme Dewey Decimal Classification
Koha item type Books
Holdings
Lost status Source of classification or shelving scheme Damaged status Not for loan Collection code Permanent Location Current Location Shelving location Date acquired Source of acquisition Cost, normal purchase price Total Checkouts Full call number Date last seen Copy number Koha item type
  Dewey Decimal Classification   Not For Loan Non-fiction Central Library, University of Rajshahi Central Library, University of Rajshahi Reading Room 16/05/1970 Nowrose 4.00   B 297.63 KAA 1968 05/12/2016 C-1 Books